000 00687cam a2200229 4500
001 a4277836
003 OSt
005 20140724152056.0
008 080610s2008 esp spa
020 _a978-84-206-6247-3
040 _aSpMaBN
_bspa
_cBMC
_erdc
082 _a823.438
100 1 _aConrad, Joseph
_d1857-1924
_922991
245 1 0 _aNostromo
_b: relato del litoral
_cJoseph Conrad ; traducción de Alberto Adell
250 _a1ª ed. en Biblioteca de autor
260 _aMadrid
_bAlianza
_c2008
300 _a558 p.
_c18 cm
490 _aBiblioteca Conrad
594 _1Traducción de: Nostromo, a tale of the seabord
700 1 _aAdell, Alberto
_922978
942 _2ddc
_cBK
999 _c12587
_d12587